Guía de educación física para maestros... /
Guardado en:
| Autor Principal: | |
|---|---|
| Formato: | Libro |
| Publicado: |
Buenos Aires :
Paid¢s,
1964
|
| Etiquetas: |
Agregar Etiqueta
Sin Etiquetas, Sea el primero en etiquetar este registro!
|
| LEADER | 00418nam a22001455a 4500 | ||
|---|---|---|---|
| 001 | CEM.cems004964 | ||
| 005 | 20060217000000.0 | ||
| 008 | 130507s1964##################000#0#####d | ||
| 003 | CEMS | ||
| 082 | 0 | 4 | |a 371.73 |
| 100 | 1 | |a Pearson, C. Eric | |
| 245 | 1 | 0 | |a Guía de educación física para maestros... / |
| 260 | |a Buenos Aires : |b Paid¢s, |c 1964 | ||
| 300 | |a 1801 p. | ||
| 859 | |a CEMS |b BIB. CEMS - 11 de abril |h 371.73 |i P317 |p 10438.81 |t Ej.1 | ||
